| 000 | 01481nam a2200373Ii 4500 | ||
|---|---|---|---|
| 001 | DIGTEBAR0047 | ||
| 003 | NyNyDIG | ||
| 008 | 140701s2006 sp ob 000 0 spa d | ||
| 006 | m o d | ||
| 007 | cr ||||||||||| | ||
| 020 |
_a9788473604178 _q(eBook) |
||
| 020 | _z847360248X | ||
| 020 | _z9788473602488 | ||
| 035 | _a(OCoLC)891306449 | ||
| 040 |
_aDGITA _beng _erda _epn _cDGITA |
||
| 050 | 1 | 4 | _aQA303 eBook |
| 100 | 1 |
_aMarín Porgueres, Concepción, _eauthor. |
|
| 245 | 1 | 0 |
_aFundamentos matemáticos de la ingeniería : _b100 problemas resueltos/ _cConcepción Marín Porgueres. |
| 250 | _aTercera edición. | ||
| 264 | 1 |
_aMadrid : _bEditorial Tébar, _c2006. |
|
| 300 | _a1 online resource (186 pages) | ||
| 336 |
_atext _btxt _2rdacontent |
||
| 337 |
_acomputer _bc _2rdamedia |
||
| 338 |
_aonline resource _bcr _2rdacarrier |
||
| 588 | 0 | _aOnline resource; title from ePub and PDF title page (Digitalia, viewed June 2, 2014) | |
| 650 | 0 |
_aCalculus _vProblems, exercises, etc. |
|
| 655 | 0 | _aElectronic books. | |
| 776 | 0 | 8 |
_iPrint version: _aMarín Porgueres, Concepción. _tFundamentos matemáticos de la ingeniería : 100 problemas resueltos. _dMadrid : Editorial Tébar, c2006 _z9788473602488 _w(OCoLC)81250903 |
| 793 | 0 |
_gDigitalia eBook Collection: _aEditorial Tébar. |
|
| 791 | 2 |
_aDigitalia (Firm) _epublisher. |
|
| 856 | 4 | 0 |
_3Digitalia Hispánica _uhttps://www.digitaliapublishing.com/a/12644/ |
| 910 | _aPremium Collection: 2013 | ||
| 942 | _cRAA | ||
| 999 |
_c232564 _d232564 |
||